000 01032nam a22003017a 4500
003 CHAP
005 20220817042101.0
008 971013s1985 r 00010 d
010 _a34075
011 _a35047
035 _a39163
040 _cCHAP
082 _a338.14
_bM4
100 0 0 _aMendoza, Gilberto.
_974778
245 _aCompendio de mercadeo de productos agropecuarios
260 _aSan José, C.R. :
_bInstituto Interamericano de Cooperación para la Agricultura,
_c1985
300 _a276 p.
_b; gráfas
490 _aSerie de libros y materiales educativos
_v; 45
590 _aBATCH-UPD
_b10
_c20130110
_lUCH01
_h1832
590 _aBATCH-UPD
_b10
_c20130410
_lUCH01
_h1204
590 _aBATCH-UPD
_b10
_c20130914
_lUCH01
_h1814
590 _aCONVERSION
_b10
_c20130109
_lUCH01
_h1319
650 1 4 _aProductos agrícolas
_xMercadeo.
_991951
830 0 _aSerie de libros y materiales educativos
_v; 45
901 _aBK
942 _cLIBRO
949 _a338.14 M4
_bBC
_cLIBRO
_d33724000111712
_eLIBRO
_gI.130467
_h68417
_i39163
_si
999 _c34075
_d34075